000 00616nam a2200169Ia 4500
008 090711s9999 xx 000 0 und d
082 _b78170
100 _aवाळिंबे शर्मिला
245 _aकमांडर 4 विध्वंसक कमांडो
260 _c1995
300 _a84
600 _aवाळिंबे शर्मिला
630 _aकमांडर 4 विध्वंसक कमांडो
700 _aवाळिंबे शर्मिला
730 _aकमांडर 4 विध्वंसक कमांडो
942 _cBOOK
999 _c327395
_d327395